00571nam a22001575i 450000100060000000300090000600700030001500800410001804000200005910000260007924501980010525000130030326000460031630000300036285200210039254703ES-MaACLt|960725s1885 it a ||||1| fre d aCAM bspa cCAM1 aFurse, Edouard Henri.10aMèmoires numismatiques de l'ordre souverain de Saint Jean de Jérusalem / cillustrées avec les medailles et monnaies frappées par les grands maitres de l'ordre, par Edouard Henri Furse. a2e éd. aRome : bForzani & C. éditeurs, c1885. a430 p. : bil. ; c28 cm. aES-MaACLjG-4438